000 00569nam a22001817a 4500
003 CEME
005 20210628203306.0
008 201230b xxu||||| |||| 00| 0 eng d
020 _a101844421783
040 _cceme
082 _a355.02 REG
100 _aRegan, Geoffrey
_948610
245 _aBattles that changes history,fifty decisive battles from 2,500 years of warfare
260 _aRAWALPINDI
_bSERVICES BOOK CLUB
_c2002
300 _a224P
650 _aBATTLES THAT CHANGES HISTORY.FIFTY DECISIVE BATTLES FROM 2,500 YEARS OF WARFARE
_964519
942 _cBK
_2ddc
999 _c572983
_d572983